LEADER 01383nas 2200457- 450 001 996336740403316 005 20210816213022.0 035 $a(DE-599)ZDB2676886-0 035 $a(OCoLC)692048499 035 $a(CKB)110978977125092 035 $a(CONSER)--2015204164 035 $a(EXLCZ)99110978977125092 100 $a20101211a19929999 s-- a 101 0 $aeng 135 $aurbn||||||abp 135 $aurbn||||||ada 181 $ctxt$2rdacontent 182 $cc$2rdamedia 183 $acr$2rdacarrier 200 00$aArchives of control sciences 210 1$aWarsaw :$cDe Gruyter Open 215 $a1 online resource 300 $aRefereed/Peer-reviewed 300 $aPrint version published: Warszawa : Polish Scientific Publishers PWN, 1992- 311 $a1230-2384 531 0 $aArch. Control Sci. 606 $aAutomatic control$vPeriodicals 606 $aRobotics$vPeriodicals 606 $aAutomatic control$2fast$3(OCoLC)fst00822702 606 $aRobotics$2fast$3(OCoLC)fst01098997 608 $aPeriodicals.$2fast 615 0$aAutomatic control 615 0$aRobotics 615 7$aAutomatic control. 615 7$aRobotics. 676 $a629.8/05 712 02$aPolska Akademia Nauk.$bKomitet Automatyki i Robotyki, 906 $aJOURNAL 912 $a996336740403316 996 $aArchives of control sciences$91983406 997 $aUNISA LEADER 04217nam 22008053u 450 001 9911020181503321 005 20230207224242.0 010 $a9786611322588 010 $a9781281322586 010 $a128132258X 010 $a9780470703366 010 $a0470703369 010 $a9780470753545 010 $a0470753544 010 $a9780470752081 010 $a0470752084 035 $a(CKB)1000000000400432 035 $a(EBL)351246 035 $a(OCoLC)437218529 035 $a(SSID)ssj0000190519 035 $a(PQKBManifestationID)11165969 035 $a(PQKBTitleCode)TC0000190519 035 $a(PQKBWorkID)10181183 035 $a(PQKB)11011192 035 $a(Perlego)2763174 035 $a(EXLCZ)991000000000400432 100 $a20131014d2008|||| u|| | 101 0 $aeng 135 $aur|n|---||||| 181 $ctxt 182 $cc 183 $acr 200 10$aLearning for Life in the 21st Century $eSociocultural Perspectives on the Future of Education 210 $aHoboken $cWiley$d2008 215 $a1 online resource (314 p.) 300 $aDescription based upon print version of record. 311 08$a9780631223306 311 08$a0631223304 327 $aLearning for Life in the 21st Century; Contents; List of Contributors; 1 Introduction: Sociocultural Perspectives on the Future of Education; Part I Issues and Developments in Sociocultural Theory; 2 Education for the Learning Age: A Sociocultural Approach to Learning to Learn; 3 Becoming the Village: Education Across Lives; 4 The Gift of Confidence: A Vygotskian View of Emotions; 5 From Activity to Directivity: The Question of Involvement in Education; 6 Sociocultural Perspectives on Assessment; 7 Teaching, Learning, and Development: A Post- Vygotskian Perspective 327 $aPart II Pre-School and School-Age Learning and Development8 Emerging Learning Narratives: A Perspective from Early Childhood Education; 9 Semiotic Mediation and Mental Development in Pluralistic Societies: Some Implications for Tomorrow's Schooling; 10 Learning to Argue and Reason Through Discourse in Educational Settings; 11 Developing Dialogues; 12 Supporting Students' Learning of Significant Mathematical Ideas; 13 A Developmental Teaching Approach to Schooling; 14 Standards for Pedagogy: Research, Theory and Practice; Part III Post-Compulsory, Adult and Professional Learning 327 $a15 Inquiry as an Orientation for Learning, Teaching and Teacher Education16 Can a School Community Learn to Master Its Own Future? An Activity- Theoretical Study of Expansive Learning Among Middle School Teachers; 17 Cultural Historical Activity Theory and the Expansion of Opportunities for Learning After School; 18 Building a Community of Educators versus Effecting Conceptual Change in Individual Students: Multicultural Education for Pre-service Teachers; 19 Organizing Excursions Into Specialist Discourse Communities: A Sociocultural Account of University Teaching; 20 Afterword; Bibliography 327 $aIndex 330 $aUnited by the belief that the most significant factor in shaping the minds of young people is the cultural setting in which learning takes place, the twenty eminent contributors to this volume present new thinking on education across the boundaries of school, home, work and community. 606 $aAims and objectives 606 $aEducation 606 $aEducational anthropology 606 $aEducational anthropology 606 $aLearning 606 $aEducation$2HILCC 606 $aSocial Sciences$2HILCC 606 $aTheory & Practice of Education$2HILCC 615 4$aAims and objectives. 615 4$aEducation. 615 4$aEducational anthropology. 615 4$aEducational anthropology. 615 4$aLearning. 615 7$aEducation 615 7$aSocial Sciences 615 7$aTheory & Practice of Education 676 $a306.43 676 $a370.1 700 $aWells$b Gordon$0552892 701 $aClaxton$b Guy$01841270 801 0$bAU-PeEL 801 1$bAU-PeEL 801 2$bAU-PeEL 906 $aBOOK 912 $a9911020181503321 996 $aLearning for Life in the 21st Century$94420935 997 $aUNINA